• 首页
  • 本馆介绍
  • 公告通知
  • 最新文献
  • 馆藏检索
  • 电子资源
  • 读者导购
  • 参考咨询
  • 我的图书馆
  • 登录
  • 详细信息显示
  • 放入我的书架
  • 预约/预借图书
  • 作者相关作品
  • 分类相关作品
  • 丛书相关作品
  • 出版社相关作品

书目信息

  • 表格格式
  • 工作单格式
  • 卡片格式
题名:
党的二十大报告学习辅导百问
    
 
作者: 《党的二十大报告学习辅导百问》编写组
分册:  
出版信息: 北京   党建读物出版社  2022.10
页数: 241页
开本: 20cm
丛书名:
单 册:
中图分类: D229
科图分类:
主题词: 中国共产党
电子资源:
ISBN: 978-7-5099-1516-5
000 00725nam0 2200181 450
001 2660986671
005 20260407165915.10
010    @a978-7-5099-1516-5@dCNY30.00
100    @a20230912d2022 km y0chiy0120 ea
101 0  @achi
200 1  @a党的二十大报告学习辅导百问@ADang De Er Shi Da Bao Gao Xue Xi Fu Dao Bai Wen@f《党的二十大报告学习辅导百问》编写组@F《Dang De Er Shi Da Bao Gao Xue Xi Fu Dao Bai Wen》Bian Xie Zu
210    @a北京@c党建读物出版社@d2022.10
215    @a241页@d20cm
606 0  @a中国共产党
690    @aD229@v4
701  0 @a《党的二十大报告学习辅导百问》编写组@A《Dang De Er Shi Da Bao Gao Xue Xi Fu Dao Bai Wen》Bian Xie Zu
801  0 @aCN@b大连网信软件有限公司图书馆·11@c20260407
905    @aZUCC@dD229@e232
    
    党的二十大报告学习辅导百问/《党的二十大报告学习辅导百问》编写组.-北京:党建读物出版社,2022.10
    241页;20cm
    
    
    ISBN 978-7-5099-1516-5:CNY30.00
    
●
相关链接 在E读中查询图书 在五车中查询图书 在当当中查询图书 在豆瓣中查询图书


正题名:党的二十大报告学习辅导百问     索取号:D229/232         预约/预借

序号 登录号 条形码 馆藏地/架位号 状态 备注
1 1442556   214425567   第一借阅区/ [索取号:D229/232] 在馆    
2 1442557   214425576   第一借阅区/ [索取号:D229/232] 在馆    
3 1442558   214425585   第一借阅区/ [索取号:D229/232] 在馆    
唐山师范学院图书馆 欢迎您!
大连网信软件有限公司© 版权所有